00479nam a2200169Ia 4500003000400000005001700004008004100021020001400062040000700076041000800083082002400091100002500115245009800140260004000238300001800278365001300296OSt20230413085647.0210423s2008 xx 000 0 und d a415402956 cAL aeng a808.8023223b SRIN aSRIVASTAVA (Neelam). aSecularism in the postcolonial Indian novel: national and cosmopolitan narratives in english. aNew DelhibRegal Publicationsc2008 ax,210,iv,bPB b495cINR